00460nam a2200181Ia 4500008004000000020001800040082001500058100001800073245004500091260003800136300001300174650001500187650001400202650001100216650000800227650003000235650001300265210210b1991 xxu||||| |||| 00| 0 eng d a81 7033 100 6 a331.8 LUKL aLUKOSE (Ani). aLabour movements and agrarian relations. aJaipurbRawat Publications.c1991 aviii,235 arelations. amovements aLabour aand aAgrarian labour movements aagrarian